<?xml version="1.0" encoding="UTF-8"?>
<record
    xmlns:xsi="http://www.w3.org/2001/XMLSchema-instance"
    xsi:schemaLocation="http://www.loc.gov/MARC21/slim http://www.loc.gov/standards/marcxml/schema/MARC21slim.xsd"
    xmlns="http://www.loc.gov/MARC21/slim">

  <leader>04193namaa22004211i 4500</leader>
  <controlfield tag="003">EG-GICUC</controlfield>
  <controlfield tag="005">20260511115215.0</controlfield>
  <controlfield tag="008">260511s2025    ua a|||frm||| 000 0 eng d</controlfield>
  <datafield tag="040" ind1=" " ind2=" ">
    <subfield code="a">EG-GICUC</subfield>
    <subfield code="b">eng</subfield>
    <subfield code="c">EG-GICUC</subfield>
    <subfield code="d">EG-GICUC</subfield>
    <subfield code="e">rda</subfield>
  </datafield>
  <datafield tag="041" ind1="0" ind2=" ">
    <subfield code="a">eng</subfield>
    <subfield code="b">eng</subfield>
    <subfield code="b">ara</subfield>
  </datafield>
  <datafield tag="049" ind1=" " ind2=" ">
    <subfield code="a">Deposit</subfield>
  </datafield>
  <datafield tag="082" ind1="0" ind2="4">
    <subfield code="a">721.03 </subfield>
  </datafield>
  <datafield tag="092" ind1=" " ind2=" ">
    <subfield code="a">721.03 </subfield>
    <subfield code="2">21</subfield>
  </datafield>
  <datafield tag="097" ind1=" " ind2=" ">
    <subfield code="a">Ph.D</subfield>
  </datafield>
  <datafield tag="099" ind1=" " ind2=" ">
    <subfield code="a">Cai01.13.02.Ph.D.2025.Eh.E</subfield>
  </datafield>
  <datafield tag="100" ind1="0" ind2=" ">
    <subfield code="a">Ehsan Mostafa Kamal Ali Mohamed, </subfield>
    <subfield code="e">preparation.</subfield>
  </datafield>
  <datafield tag="245" ind1="1" ind2="4">
    <subfield code="a">The effect of breathing facades on enhancing ventilation to improve indoor air quality /</subfield>
    <subfield code="c">by Ehsan Mostafa Kamal Ali Mohamed ; Supervisors Prof. Dr. Hesham Sameh Hussein. </subfield>
  </datafield>
  <datafield tag="246" ind1="1" ind2="5">
    <subfield code="a">&#x62A;&#x623;&#x62B;&#x64A;&#x631; &#x627;&#x644;&#x648;&#x627;&#x62C;&#x647;&#x627;&#x62A; &#x627;&#x644;&#x645;&#x62A;&#x646;&#x641;&#x633;&#x629; &#x639;&#x644;&#x649; &#x62A;&#x62D;&#x633;&#x64A;&#x646; &#x627;&#x644;&#x62A;&#x647;&#x648;&#x64A;&#x629; &#x644;&#x631;&#x641;&#x639; &#x62C;&#x648;&#x62F;&#x629; &#x627;&#x644;&#x647;&#x648;&#x627;&#x621; &#x627;&#x644;&#x62F;&#x627;&#x62E;&#x644;&#x64A;</subfield>
  </datafield>
  <datafield tag="264" ind1=" " ind2="0">
    <subfield code="c">2025.</subfield>
  </datafield>
  <datafield tag="300" ind1=" " ind2=" ">
    <subfield code="a">188 pages : </subfield>
    <subfield code="b">illustrations ; </subfield>
    <subfield code="c">30 cm. + </subfield>
    <subfield code="e">CD.</subfield>
  </datafield>
  <datafield tag="336" ind1=" " ind2=" ">
    <subfield code="a">text</subfield>
    <subfield code="2">rda content</subfield>
  </datafield>
  <datafield tag="337" ind1=" " ind2=" ">
    <subfield code="a">Unmediated</subfield>
    <subfield code="2">rdamedia</subfield>
  </datafield>
  <datafield tag="338" ind1=" " ind2=" ">
    <subfield code="a">volume</subfield>
    <subfield code="2">rdacarrier</subfield>
  </datafield>
  <datafield tag="502" ind1=" " ind2=" ">
    <subfield code="a">Thesis (Ph.D)-Cairo University, 2025.</subfield>
  </datafield>
  <datafield tag="504" ind1=" " ind2=" ">
    <subfield code="a">Bibliography: pages 172-179.</subfield>
  </datafield>
  <datafield tag="520" ind1=" " ind2="3">
    <subfield code="a">This study investigates breathing facades as a modern architectural strategy aimed at improving natural ventilation and indoor air quality. It adopts a mixed-method approach that integrates qualitative and quantitative analyses with digital simulation to establish a comprehensive and practical design framework. The qualitative phase explores international case studies using inductive and comparative methods to identify best practices and design trends, while the quantitative phase analyzes 42 facade models through descriptive statistics to evaluate performance efficiency. Results from digital simulations confirm that optimized breathing facade designs significantly reduce indoor carbon dioxide accumulation, thus enhancing ventilation to improve indoor air quality. The study concludes by presenting an integrated design framework that promotes sustainability, enhances environmental performance, and supports the creation of healthier built environments in contemporary architecture</subfield>
  </datafield>
  <datafield tag="520" ind1=" " ind2="3">
    <subfield code="a">&#x62A;&#x628;&#x62D;&#x62B; &#x647;&#x630;&#x647; &#x627;&#x644;&#x62F;&#x631;&#x627;&#x633;&#x629; &#x641;&#x64A; &#x627;&#x644;&#x648;&#x627;&#x62C;&#x647;&#x627;&#x62A; &#x627;&#x644;&#x645;&#x62A;&#x646;&#x641;&#x633;&#x629; &#x628;&#x627;&#x639;&#x62A;&#x628;&#x627;&#x631;&#x647;&#x627; &#x646;&#x647;&#x62C;&#x64B;&#x627; &#x645;&#x639;&#x645;&#x627;&#x631;&#x64A;&#x64B;&#x627; &#x645;&#x639;&#x627;&#x635;&#x631;&#x64B;&#x627; &#x64A;&#x647;&#x62F;&#x641; &#x625;&#x644;&#x649; &#x62A;&#x62D;&#x633;&#x64A;&#x646; &#x627;&#x644;&#x62A;&#x647;&#x648;&#x64A;&#x629; &#x627;&#x644;&#x637;&#x628;&#x64A;&#x639;&#x64A;&#x629; &#x648;&#x62C;&#x648;&#x62F;&#x629; &#x627;&#x644;&#x647;&#x648;&#x627;&#x621; &#x627;&#x644;&#x62F;&#x627;&#x62E;&#x644;&#x64A;. &#x627;&#x639;&#x62A;&#x645;&#x62F;&#x62A; &#x627;&#x644;&#x62F;&#x631;&#x627;&#x633;&#x629; &#x639;&#x644;&#x649; &#x645;&#x646;&#x647;&#x62C; &#x645;&#x62E;&#x62A;&#x644;&#x637; &#x64A;&#x62C;&#x645;&#x639; &#x628;&#x64A;&#x646; &#x627;&#x644;&#x62A;&#x62D;&#x644;&#x64A;&#x644;&#x64A;&#x646; &#x627;&#x644;&#x643;&#x64A;&#x641;&#x64A; &#x648;&#x627;&#x644;&#x643;&#x645;&#x64A; &#x645;&#x639; &#x627;&#x644;&#x645;&#x62D;&#x627;&#x643;&#x627;&#x629; &#x627;&#x644;&#x631;&#x642;&#x645;&#x64A;&#x629;&#x60C; &#x644;&#x62A;&#x637;&#x648;&#x64A;&#x631; &#x625;&#x637;&#x627;&#x631; &#x62A;&#x635;&#x645;&#x64A;&#x645;&#x64A; &#x634;&#x627;&#x645;&#x644; &#x648;&#x639;&#x645;&#x644;&#x64A;. &#x62A;&#x646;&#x627;&#x648;&#x644;&#x62A; &#x627;&#x644;&#x645;&#x631;&#x62D;&#x644;&#x629; &#x627;&#x644;&#x643;&#x64A;&#x641;&#x64A;&#x629; &#x62F;&#x631;&#x627;&#x633;&#x629; &#x62D;&#x627;&#x644;&#x627;&#x62A; &#x639;&#x627;&#x644;&#x645;&#x64A;&#x629; &#x628;&#x627;&#x633;&#x62A;&#x62E;&#x62F;&#x627;&#x645; &#x627;&#x644;&#x623;&#x633;&#x644;&#x648;&#x628;&#x64A;&#x646; &#x627;&#x644;&#x627;&#x633;&#x62A;&#x642;&#x631;&#x627;&#x626;&#x64A; &#x648;&#x627;&#x644;&#x645;&#x642;&#x627;&#x631;&#x646; &#x628;&#x647;&#x62F;&#x641; &#x62A;&#x62D;&#x62F;&#x64A;&#x62F; &#x623;&#x641;&#x636;&#x644; &#x627;&#x644;&#x645;&#x645;&#x627;&#x631;&#x633;&#x627;&#x62A; &#x648;&#x627;&#x62A;&#x62C;&#x627;&#x647;&#x627;&#x62A; &#x627;&#x644;&#x62A;&#x635;&#x645;&#x64A;&#x645;&#x60C; &#x628;&#x64A;&#x646;&#x645;&#x627; &#x634;&#x645;&#x644;&#x62A; &#x627;&#x644;&#x645;&#x631;&#x62D;&#x644;&#x629; &#x627;&#x644;&#x643;&#x645;&#x64A;&#x629; &#x62A;&#x62D;&#x644;&#x64A;&#x644; 42 &#x646;&#x645;&#x648;&#x630;&#x62C;&#x64B;&#x627; &#x644;&#x648;&#x627;&#x62C;&#x647;&#x627;&#x62A; &#x628;&#x627;&#x633;&#x62A;&#x62E;&#x62F;&#x627;&#x645; &#x627;&#x644;&#x625;&#x62D;&#x635;&#x627;&#x621; &#x627;&#x644;&#x648;&#x635;&#x641;&#x64A; &#x644;&#x62A;&#x642;&#x64A;&#x64A;&#x645; &#x643;&#x641;&#x627;&#x621;&#x629; &#x627;&#x644;&#x623;&#x62F;&#x627;&#x621;. &#x648;&#x623;&#x643;&#x62F;&#x62A; &#x646;&#x62A;&#x627;&#x626;&#x62C; &#x627;&#x644;&#x645;&#x62D;&#x627;&#x643;&#x627;&#x629; &#x627;&#x644;&#x631;&#x642;&#x645;&#x64A;&#x629; &#x623;&#x646; &#x627;&#x644;&#x62A;&#x635;&#x645;&#x64A;&#x645; &#x627;&#x644;&#x623;&#x645;&#x62B;&#x644; &#x644;&#x644;&#x648;&#x627;&#x62C;&#x647;&#x627;&#x62A; &#x627;&#x644;&#x645;&#x62A;&#x646;&#x641;&#x633;&#x629; &#x64A;&#x642;&#x644;&#x644; &#x645;&#x646; &#x62A;&#x631;&#x627;&#x643;&#x645; &#x62B;&#x627;&#x646;&#x64A; &#x623;&#x643;&#x633;&#x64A;&#x62F; &#x627;&#x644;&#x643;&#x631;&#x628;&#x648;&#x646; &#x62F;&#x627;&#x62E;&#x644; &#x627;&#x644;&#x645;&#x628;&#x627;&#x646;&#x64A;&#x60C; &#x645;&#x645;&#x627; &#x64A;&#x62D;&#x633;&#x646; &#x627;&#x644;&#x62A;&#x647;&#x648;&#x64A;&#x629; &#x648;&#x64A;&#x631;&#x641;&#x639; &#x62C;&#x648;&#x62F;&#x629; &#x627;&#x644;&#x647;&#x648;&#x627;&#x621; &#x627;&#x644;&#x62F;&#x627;&#x62E;&#x644;&#x649;. &#x648;&#x627;&#x62E;&#x62A;&#x64F;&#x62A;&#x645;&#x62A; &#x627;&#x644;&#x62F;&#x631;&#x627;&#x633;&#x629; &#x628;&#x62A;&#x642;&#x62F;&#x64A;&#x645; &#x625;&#x637;&#x627;&#x631; &#x62A;&#x635;&#x645;&#x64A;&#x645; &#x645;&#x62A;&#x643;&#x627;&#x645;&#x644; &#x64A;&#x639;&#x632;&#x632; &#x627;&#x644;&#x627;&#x633;&#x62A;&#x62F;&#x627;&#x645;&#x629; &#x648;&#x64A;&#x631;&#x641;&#x639; &#x627;&#x644;&#x623;&#x62F;&#x627;&#x621; &#x627;&#x644;&#x628;&#x64A;&#x626;&#x64A; &#x648;&#x64A;&#x62F;&#x639;&#x645; &#x625;&#x646;&#x634;&#x627;&#x621; &#x628;&#x64A;&#x626;&#x627;&#x62A; &#x645;&#x639;&#x64A;&#x634;&#x64A;&#x629; &#x635;&#x62D;&#x64A;&#x629; &#x641;&#x64A; &#x627;&#x644;&#x639;&#x645;&#x627;&#x631;&#x629; &#x627;&#x644;&#x62D;&#x62F;&#x64A;&#x62B;&#x629;</subfield>
  </datafield>
  <datafield tag="530" ind1=" " ind2=" ">
    <subfield code="a">Issues also as CD.</subfield>
  </datafield>
  <datafield tag="546" ind1=" " ind2=" ">
    <subfield code="a">Text in English and abstract in Arabic &amp; English.</subfield>
  </datafield>
  <datafield tag="650" ind1=" " ind2="0">
    <subfield code="a">Architectural Engineering </subfield>
  </datafield>
  <datafield tag="650" ind1=" " ind2="0">
    <subfield code="a">&#x627;&#x644;&#x647;&#x646;&#x62F;&#x633;&#x629; &#x627;&#x644;&#x645;&#x639;&#x645;&#x627;&#x631;&#x64A;&#x629;</subfield>
  </datafield>
  <datafield tag="653" ind1=" " ind2="1">
    <subfield code="a">Breathing fa&#xE7;ades</subfield>
    <subfield code="a">Natural ventilation</subfield>
    <subfield code="a">Environmental Simulation</subfield>
    <subfield code="a">Adaptive design</subfield>
    <subfield code="a">Indoor air quality</subfield>
    <subfield code="a">&#x627;&#x644;&#x648;&#x627;&#x62C;&#x647;&#x627;&#x62A; &#x627;&#x644;&#x645;&#x62A;&#x646;&#x641;&#x633;&#x629;</subfield>
    <subfield code="a">&#x627;&#x644;&#x62A;&#x647;&#x648;&#x64A;&#x629; &#x627;&#x644;&#x637;&#x628;&#x64A;&#x639;&#x64A;&#x629;</subfield>
  </datafield>
  <datafield tag="700" ind1="0" ind2=" ">
    <subfield code="a">Hesham Sameh Hussein</subfield>
    <subfield code="e">thesis advisor.</subfield>
  </datafield>
  <datafield tag="900" ind1=" " ind2=" ">
    <subfield code="b">01-01-2025</subfield>
    <subfield code="c">Hesham Sameh Hussein</subfield>
    <subfield code="d">Tarek Ibrahim Nasr El-Din  </subfield>
    <subfield code="d">Henar Aboelmagd Kalefa    </subfield>
    <subfield code="U">Cairo University</subfield>
    <subfield code="F">Faculty of Engineering</subfield>
    <subfield code="D">Department of Architectural Engineering</subfield>
  </datafield>
  <datafield tag="905" ind1=" " ind2=" ">
    <subfield code="a">Shimaa</subfield>
  </datafield>
  <datafield tag="942" ind1=" " ind2=" ">
    <subfield code="2">ddc</subfield>
    <subfield code="c">TH</subfield>
    <subfield code="e">21</subfield>
    <subfield code="n">0</subfield>
  </datafield>
  <datafield tag="999" ind1=" " ind2=" ">
    <subfield code="c">180096</subfield>
  </datafield>
  <datafield tag="952" ind1=" " ind2=" ">
    <subfield code="2">ddc</subfield>
    <subfield code="9">317988</subfield>
    <subfield code="a">CUCL</subfield>
    <subfield code="b">cl210</subfield>
    <subfield code="d">2026-05-11</subfield>
    <subfield code="i">94005</subfield>
    <subfield code="o">Cai01.13.02.Ph.D.2025.Eh.E</subfield>
    <subfield code="p">01010110094005000</subfield>
    <subfield code="r">2026-05-11 10:52:43</subfield>
    <subfield code="w">2026-05-11</subfield>
    <subfield code="y">TH</subfield>
  </datafield>
</record>
